Exercícios de matemática para o 10º de escolaridade

Gespeichert in:
Bibliographische Detailangaben
1. Verfasser: Marques, Henrique Verol
Format: keine Angabe
Sprache:Portugiesisch
Erschienen: Lisboa Presença imp. 1981-1983
Ausgabe:3ª ed
Katalog:MANES:  Suchergebnis im Bibliothekskatalog
Schulbuchspezifische Eigenschaften:
Schriftenreihe:Biblioteca escolar Presença
Tags: Tag hinzufügen
Keine Tags, Fügen Sie den ersten Tag hinzu!
Hinzugefügt zu:26.04.2016
Geändert in:25.04.2025

MARC

LEADER 000000000a22000000004500
001 26942
003 OSt
005 20250425111421.0
008 160427s pt ||||| |||| 00| 0 por d
040 |c centro_manes 
041 1 |a por 
100 1 |a Marques, Henrique Verol  |9 15444 
245 0 0 |a Exercícios de matemática para o 10º de escolaridade 
250 |a 3ª ed 
260 3 |a Lisboa  |b Presença  |c imp. 1981-1983 
300 |a 2 v.;  |c 21 cm 
440 |a Biblioteca escolar Presença  |9 15445 
500 |a 1º v.  |a 2º v. 
561 |5 pt-BNP  |a Portugal. Biblioteca Nacional de Portugal  |k MANES 
690 0 |a MATE 
691 |a SE 
942 |2 ddc  |c BK 
546 |a Portugal 
999 |c 28404  |d 28404 
999 |c manes:28404  |d 28404